MARC

LEADER 00000nam0a2200000 4500
001 61979
005 20231031062925.0
035 |a (RuTPU)RU\TPU\book\65669 
090 |a 61979 
100 |a 20040330d1962 m y0rusy50 ca 
101 0 |a rus 
102 |a RU 
105 |a a j 000zy 
200 1 |a Металлургия урана  |e учебное пособие  |f Я. М. Стерлин  |g Под ред. А. Н. Вольского 
210 |a Москва  |c Госатомиздат  |d 1962 
215 |a 419 с.  |c ил. 
320 |a Библиография в конце глав. 
610 1 |a металлургия 
610 1 |a уран 
610 1 |a свойства 
610 1 |a сплавы 
610 1 |a химические соединения 
610 1 |a руды 
610 1 |a обработка 
610 1 |a производство 
610 1 |a учебные пособия 
675 |a 621.7(075.8)  |v 3 
700 1 |a Стерлин  |b Я. М.  |g Яков Моисеевич 
702 1 |a Вольский  |b А. Н.  |4 340 
801 1 |a RU  |b 63413507  |c 20040330  |g PSBO 
801 2 |a RU  |b 63413507  |c 20160614  |g PSBO 
900 |a Химия и технология ядерного горючего 
942 |c BK